Human-centered leadership in healthcare : (Record no. 60334)

MARC details
000 -LEADER
fixed length control field 00823nam a22002655i 4500
001 - CONTROL NUMBER
control field in00024369518
005 - DATE AND TIME OF LATEST TRANSACTION
control field 20260413064749.0
008 - FIXED-LENGTH DATA ELEMENTS--GENERAL INFORMATION
fixed length control field 251219s2025 mdu 000 0 eng
010 ## - LIBRARY OF CONGRESS CONTROL NUMBER
LC control number 2025951266
020 ## - INTERNATIONAL STANDARD BOOK NUMBER
International Standard Book Number 9781631955532
040 ## - CATALOGING SOURCE
Original cataloging agency DLC
Language of cataloging eng
Description conventions rda
Transcribing agency DLC
042 ## - AUTHENTICATION CODE
Authentication code pcc
100 1# - MAIN ENTRY--PERSONAL NAME
Personal name Leclerc, Lucy,
Relator term author.
245 10 - TITLE STATEMENT
Title Human-centered leadership in healthcare :
Remainder of title the revolution continues: it starts with you, but it's not about you /
250 ## - EDITION STATEMENT
Edition statement Third.
260 ## - PUBLICATION, DISTRIBUTION, ETC. (IMPRINT)
Place of publication, distribution, etc New York;
Name of publisher, distributor, etc Organ James Publishing,
Date of publication, distribution, etc 2022
300 ## - PHYSICAL DESCRIPTION
Extent xxiii,234 p.;
Dimensions 24 cm
650 ## - SUBJECT ADDED ENTRY--TOPICAL TERM
Topical term or geographic name as entry element Health services administration.
650 ## - SUBJECT ADDED ENTRY--TOPICAL TERM
Topical term or geographic name as entry element Leadership.
650 ## - SUBJECT ADDED ENTRY--TOPICAL TERM
Topical term or geographic name as entry element Organizational behavior.
650 ## - SUBJECT ADDED ENTRY--TOPICAL TERM
Topical term or geographic name as entry element Patient-centered care.
700 1# - ADDED ENTRY--PERSONAL NAME
Personal name Kennedy, Kay,
Relator term author.
700 1# - ADDED ENTRY--PERSONAL NAME
Personal name Campis, Susan,
Relator term author.
942 ## - ADDED ENTRY ELEMENTS (KOHA)
Source of classification or shelving scheme Library of Congress Classification
Item type Book
Holdings
Withdrawn status Lost status Source of classification or shelving scheme Damaged status Not for loan Collection code Home library Current library Shelving location Date acquired Source of acquisition Cost, normal purchase price Total Checkouts Full call number Barcode Date last seen Copy number Price effective from Koha item type
    Library of Congress Classification   Not For Loan Non-fiction Bishop Okullu Memorial Library (Limuru Campus) Bishop Okullu Memorial Library (Limuru Campus) Processing Center 13/04/2026 Donation- Pittsburgh 1571.00   RA971.L43 2022 073294 13/04/2026 1 13/04/2026 Book